| 000 | 00368nam a22001457a 4500 | ||
|---|---|---|---|
| 082 | _aP-134 | ||
| 100 |
_aShahid _947818 |
||
| 245 |
_aWater Supply And Sewerage Scheme _cShahid, |
||
| 260 |
_aRisalpur. _bMCE. _cc2000. |
||
| 526 |
_a0 _b0 _c0 _dP_134 |
||
| 526 |
_a0 _b0 _c0 _dP_134 |
||
| 650 | _aProject. | ||
| 700 |
_aSyed Ghulam Akbar Bukhari _947819 |
||
| 942 |
_2ddc _cBK |
||
| 999 |
_c550941 _d550941 |
||